La Mythologie en 10 questions #1 - Statistiques

Statistiques générales
  • Ce quiz a été pris 141 fois
  • Le résultat moyen est 6 sur 10
Statistiques - réponses
Hint Réponse % Correct
Qui est le dieu grec du ciel et roi des dieux ? Zeus
99%
Dans la mythologie nordique, quel est le dieu du tonnerre ? Thor
89%
Quel héros grec a tué le Minotaure ? Thésée
79%
Dans la mythologie romaine, qui est la déesse de l’amour ? Vénus
79%
Quel est le nom du dieu égyptien à tête de chacal, protecteur des morts ? Anubis
72%
Dans la mythologie grecque, quel est le nom du fleuve que les âmes doivent traverser pour entrer dans l’Hadès ? Styx
67%
Quelle créature mythologique grecque a la tête d’un lion, le corps d’une chèvre et la queue d’un serpent ? Chimère
62%
Dans la mythologie mésopotamienne, quel est le nom de la déesse de la fertilité et de l’amour ? Ishtar
6%
Dans la mythologie celtique, qui est la déesse de la souveraineté et de la guerre, souvent associée au corbeau ? Morrigan
3%
Dans la mythologie celtique, quel héros est célèbre pour avoir combattu le géant Balor et est lié aux récits du cycle d’Ulster ? Cuchulainn
2%
Aucun quiz correspondant
Distribution des résultats
% des personnes avec chaque résultat
Percentile par nombre de réponses
Votre historique - résultats
Vous n’avez pas pris ce quiz